Statistics for Vivien Leigh Films

Click here to take the quiz!

General Stats

  • This quiz has been taken 74 times
  • The average score is 7 of 19

Answer Stats

Hint Answer % Correct
1939Gone with the Wind
100%
1951A Streetcar Named Desire
88%
1940Waterloo Bridge
63%
1965Ship of Fools
54%
1941That Hamilton Woman
47%
1961The Roman Spring of Mrs. Stone
47%
1937Fire Over England
39%
1945Caesar and Cleopatra
39%
1948Anna Karenina
37%
1938A Yank at Oxford
32%
1938Sidewalks of London
32%
1955The Deep Blue Sea
26%
194021 Days
26%
1935The Village Squire
21%
1937Storm in a Teacup
21%
1935Things Are Looking Up
19%
1935Look Up and Laugh
19%
1937Dark Journey
16%
1935Gentleman's agreement
14%

Score Distribution

Percentile by Number Answered

Percent of People with Each Score

Your Score History

You have not taken this quiz